Influence of a Porous Insert on the Fluid Flow inside the Gasifier Shaft; Key Engineering Materials; Vol. 685 : High Technology: Research and Applications 2015 (HTRA 2015)

Chi tiết về thư mục
Parent link:Key Engineering Materials: Scientific Journal
Vol. 685 : High Technology: Research and Applications 2015 (HTRA 2015).— 2016.— [P. 235-236]
Tác giả chính: Openyshev P. V.
Tác giả của công ty: Национальный исследовательский Томский политехнический университет (ТПУ) Энергетический институт (ЭНИН) Кафедра атомных и тепловых электростанций (АТЭС)
Tác giả khác: Sheremet M. A. Mikhail Aleksandrovich
Tóm tắt:Title screen
Turbulent fluid flow inside the vertical gasifier shaft having the porous insert has been numerically analyzed. The effect of the porous medium structure on the fluid flow has been studied. The mathematical model has been formulated in dimensional primitive variables using the realizable k-ε turbulent model. The distributions of velocity and skin friction coefficient inside the gasifier shaft have been obtained. The results clearly show an essential effect of the porous medium structure on turbulent fluid flow.
Режим доступа: по договору с организацией-держателем ресурса
Ngôn ngữ:Tiếng Anh
Được phát hành: 2016
Loạt:Numerical Simulation of Physical and Chemical Processes
Những chủ đề:
Truy cập trực tuyến:http://dx.doi.org/10.4028/www.scientific.net/KEM.685.235
Định dạng: Điện tử Chương của sách
KOHA link:https://koha.lib.tpu.ru/cgi-bin/koha/opac-detail.pl?biblionumber=646435

MARC

LEADER 00000nla2a2200000 4500
001 646435
005 20240112143509.0
035 |a (RuTPU)RU\TPU\network\11571 
035 |a RU\TPU\network\11570 
090 |a 646435 
100 |a 20160229a2016 k y0engy50 ba 
101 0 |a eng 
105 |a y z 100zy 
135 |a drcn ---uucaa 
181 0 |a i  
182 0 |a b 
200 1 |a Influence of a Porous Insert on the Fluid Flow inside the Gasifier Shaft  |f P. V. Openyshev, M. A. Sheremet 
203 |a Text  |c electronic 
225 1 |a Numerical Simulation of Physical and Chemical Processes 
300 |a Title screen 
330 |a Turbulent fluid flow inside the vertical gasifier shaft having the porous insert has been numerically analyzed. The effect of the porous medium structure on the fluid flow has been studied. The mathematical model has been formulated in dimensional primitive variables using the realizable k-ε turbulent model. The distributions of velocity and skin friction coefficient inside the gasifier shaft have been obtained. The results clearly show an essential effect of the porous medium structure on turbulent fluid flow. 
333 |a Режим доступа: по договору с организацией-держателем ресурса 
461 0 |0 (RuTPU)RU\TPU\network\11477  |t Key Engineering Materials  |o Scientific Journal 
463 0 |0 (RuTPU)RU\TPU\network\11478  |t Vol. 685 : High Technology: Research and Applications 2015 (HTRA 2015)  |o The IV International Conference, April 21-24, 2015, Tomsk, Russia  |o [proceedings]  |f National Research Tomsk Polytechnic University (TPU) ; ed. N. V. Martyushev, A. M. Bogdan  |v [P. 235-236]  |d 2016 
610 1 |a электронный ресурс 
610 1 |a труды учёных ТПУ 
610 1 |a пористые вставки 
610 1 |a газификаторы 
610 1 |a жидкости 
610 1 |a турбулентные потоки 
610 1 |a математические модели 
700 1 |a Openyshev  |b P. V. 
701 1 |a Sheremet  |b M. A.  |c physicist  |c Professor of Tomsk Polytechnic University, Doctor of Physical and Mathematical Sciences  |f 1983-  |g Mikhail Aleksandrovich  |3 (RuTPU)RU\TPU\pers\35115  |9 18390 
712 0 2 |a Национальный исследовательский Томский политехнический университет (ТПУ)  |b Энергетический институт (ЭНИН)  |b Кафедра атомных и тепловых электростанций (АТЭС)  |3 (RuTPU)RU\TPU\col\18683 
801 2 |a RU  |b 63413507  |c 20160302  |g RCR 
856 4 |u http://dx.doi.org/10.4028/www.scientific.net/KEM.685.235 
942 |c CF